A Larum for London : or /

Gorde:
Xehetasun bibliografikoak
Formatua: Liburua
Hizkuntza:English
Argitaratua: Lond. : (Amersham, Eng. : Printed for William Ferbrand,, Issued for subscribers by John S.Farmer, 1602 ; 1913.
Saila:Old English drama
Gaiak:
LEADER 01126nam a22002291 4500
001 c000365197
003 CARM
005 00000000000000.0
008 851211m16021913enk 0 eng d
019 1 |a 4161393  |5 LACONCORD2021 
035 |a (OCoLC)219715877  |5 LACONCORD2021 
130 0 |a Larum for London. 
245 0 2 |a A Larum for London :  |b or /  |c The Siedge of Antwerpe. With the ventrous actes and valorous deeds of the lame Soldier. As it hath been playde by the right Honorable the Lord Charberlaine his Servants. 
260 |a Lond. :  |b Printed for William Ferbrand,,  |c 1602 ;  |a (Amersham, Eng. :  |b Issued for subscribers by John S.Farmer,  |c 1913. 
300 |a 50 p. 
490 0 |a Old English drama 
500 |a Founded on "The Spoyle of Antwerpe", a tract ascribed to George Gascoigne; the play may be partly the work of Lodge. 
600 1 0 |a Lodge, Thomas,  |d 1558-1628. 
852 8 |b CARM  |h A1:AM31F0  |i C10235  |p 0437735  |f BK 
082 0 4 |a 822.3 
999 f f |i 6ce768ce-5a54-55f8-a2c1-dc64aec62f04  |s 3f1e850f-9aea-5a6b-9f03-e0e2c3f8f562 
952 f f |p Can circulate  |a CAVAL  |b CAVAL  |c CAVAL  |d CARM 1 Store  |e C10235  |f A1:AM31F0  |h Other scheme  |i book  |m 0437735